LEADER 02829nam 2200709 450 001 9910824114403321 005 20230809223248.0 010 $a0-271-07962-2 024 7 $a10.1515/9780271079622 035 $a(CKB)3710000001108713 035 $a(OCoLC)1080549607 035 $a(MdBmJHUP)muse68705 035 $a(MiAaPQ)EBC6224457 035 $a(DE-B1597)584507 035 $a(DE-B1597)9780271079622 035 $a(OCoLC)1257324385 035 $a(EXLCZ)993710000001108713 100 $a20200930d2017 uy 0 101 0 $aeng 135 $aur|||||||nn|n 181 $ctxt$2rdacontent 182 $cc$2rdamedia 183 $acr$2rdacarrier 200 00$aSpeaking to body and soul $einstructions for the Moravian choir helpers, 1785-1786 /$fedited and translated by Katherine M. Faull 210 1$aUniversity Park, Pennsylvania :$cThe Pennsylvania State University Press,$d[2017] 210 4$d©2017 215 $a1 online resource (xi, 185 pages :)$cillustrations ; 225 1 $aPietist, Moravian, and Anabaptist studies 300 $aThis volume consists of the translation of 214 pages of German manuscripts, dated 1785-86, held at the Moravian Archives in Bethlehem, Pennsylvania. The manuscripts, titled 'Instructions for the Choir Helpers,' are copies of originals held in the Archives of the Unity of the Brethren in Herrnhut, Germany. Preface. 311 $a0-271-07767-0 320 $aIncludes bibliographical references and index. 327 $aThe single sisters' choir -- The single brethren's choir -- The married persons' choir -- The widows' choir. 330 $a"An annotated and translated collection of instructions on religion, health, sexuality, and family life from the eighteenth-century Moravian Church"--Provided by publisher. 410 0$aPietist, Moravian, and Anabaptist studies. 606 $aPastoral care$vEarly works to 1800 606 $aTheological anthropology$xMoravian Church$vEarly works to 1800 606 $aHuman body$xReligious aspects$xMoravian Church$vEarly works to 1800 610 $aCount Nikolaus Ludwig von Zinzendorf. 610 $aGermany. 610 $aMoravian Church. 610 $achoir. 610 $achurch. 610 $aenlightenment. 610 $ahistory. 610 $alifestyle. 610 $aphilosophy. 610 $aprotestant. 610 $areligion. 610 $atheology. 610 $atranslation. 615 0$aPastoral care 615 0$aTheological anthropology$xMoravian Church 615 0$aHuman body$xReligious aspects$xMoravian Church 676 $a284.6 702 $aFaull$b Katherine M. 801 0$bMiAaPQ 801 1$bMiAaPQ 801 2$bMiAaPQ 906 $aBOOK 912 $a9910824114403321 996 $aSpeaking to body and soul$94052481 997 $aUNINA LEADER 00822nam a2200193 i 4500 001 991004382118307536 005 20250528115842.0 008 250528s1929 fr er 001 0 fre d 040 $aBibl. Dip.le Aggr. Studi Umanistici - Sez. Filosofia$bita$cSocioculturale Scs 041 0 $afre 082 04$a273.7$223 100 1 $aPréclin, Edmond$0412036 245 14$aLes jansenistes du 18. siecle et la Constitution civile du Clerge :$ble developpement du richerisme, sa propagation dans le Bas Clerge, 1713-1791 /$cE. Preclin 260 $aParis :$bLibrairie universitaire J. Gamber,$c1929 300 $aXXXI, 578 p., [4] carte di tav. :$bill. ;$c25 cm 650 4$aGiansenismo$zSec. 18.$xStoria 912 $a991004382118307536 996 $aJansenistes du 18. siecle et la Constitution civile du Clerge$94383646 997 $aUNISALENTO